Minecraft Items With Different Coloured Names - Statistics

General Stats
  • This quiz has been taken 11 times
  • The average score is 8 of 36
Answer Stats
Answer % Correct
Nether Star
89%
Beacon
78%
Dragon Egg
67%
Enchanted Book
44%
Mace
44%
Trident
44%
Dragon Head
33%
Elytra
33%
Enchanted Golden Apple
33%
Heart of the Sea
33%
Heavy Core
33%
Conduit
22%
Creeper Head
22%
Nautilus Shell
22%
Piglin Head
22%
Skeleton Head
22%
Wither Skeleton Skull
22%
Zombie Head
22%
Armor Trim
11%
Armor Trim
11%
Armor Trim
11%
Echo Shard
11%
Player Head
11%
Recovery Compass
11%
Totem of Undying
11%
Bottle o' Enchanting
0%
Disc Fragment
0%
Dragon's Breath
0%
Goat Horn
0%
Music Disc
0%
Music Disc
0%
Netherite Upgrade
0%
Ominous Banner
0%
Ominous Bottle
0%
Pottery Shard
0%
Sniffer Egg
0%
No matching quizzes found
Score Distribution
Percent of People with Each Score
Percentile by Number Answered
Your Score History
You have not taken this quiz